An Autobiography or the story of my experiments with truth (Record no. 12679)
[ view plain ]
| 000 -LEADER | |
|---|---|
| fixed length control field | 00279 a2200109 4500 |
| 245 ## - TITLE STATEMENT | |
| Title | An Autobiography or the story of my experiments with truth |
| Medium | Text |
| 020 ## - INTERNATIONAL STANDARD BOOK NUMBER | |
| International Standard Book Number | 817229008x |
| 100 ## - MAIN ENTRY--PERSONAL NAME | |
| Personal name | M.K Ghandi |
| 650 ## - SUBJECT ADDED ENTRY--TOPICAL TERM | |
| Topical term or geographic name entry element | History |
| 260 ## - PUBLICATION, DISTRIBUTION, ETC. | |
| Name of publisher, distributor, etc. | Rupees twelve |
| Date of publication, distribution, etc. | 1927 |
| 084 ## - | |
| -- | DS483A348 |
No items available.